| 000 | 00868nam a2200253Ia 4500 | ||
|---|---|---|---|
| 001 | 17726 | ||
| 003 | GE_BSU | ||
| 008 | 181216s||||||||xx |||||||||||||| ||und|| | ||
| 020 | _a978994145155 | ||
| 040 | _cGE_BSU | ||
| 080 | _a630.2(075.8) | ||
| 100 | _aკოპალიანი, ლია | ||
| 245 | _aმეტყევეობა | ||
| 245 | _bსახელმძღვანელო | ||
| 245 | _cრედ.:რ.კილაძე | ||
| 260 | _aქუთაისი | ||
| 260 | _bაკაკი წერეთლის სახ. უნ-ტი | ||
| 260 | _c2015 | ||
| 300 | _a326 გვ. ილ.21სმ. | ||
| 300 | _eბიბლ.გვ.318-319 | ||
| 653 | _aმეტყევეობა | ||
| 653 | _aტყის ეკოლოგიური და ეკონომიკური ეფექტიანობა | ||
| 942 | _cBK | ||
| 999 |
_c50774 _d50774 |
||